Proti meškajúcim platbám

Novela Obchodného zákonníka, do ktorej sa dostal obsah európskej smernice 2011/7/EÚ o boji proti oneskoreným platbám v obchodných transakciách. Limity splatnosti záväzkov z obchodných zmlúv. Spresnenie nárokov veriteľa, ak odberateľ mešká s úhradou záväzku. Zmluvné a zákonné úroky z omeškania.

Salvato in:
Dettagli Bibliografici
Autore principale: Jesný, Martin
Natura: Capitolo di libro
Lingua:slovacco
Soggetti:
Tags: Aggiungi Tag
Nessun Tag, puoi essere il primo ad aggiungerne!!

MARC

LEADER 00000naa a2200000 4500
001 0165789
005 20231113080741.4
041 0 |a slo 
044 |a SK 
245 1 0 |a Proti meškajúcim platbám  |c Martin Jesný 
520 |a Novela Obchodného zákonníka, do ktorej sa dostal obsah európskej smernice 2011/7/EÚ o boji proti oneskoreným platbám v obchodných transakciách. Limity splatnosti záväzkov z obchodných zmlúv. Spresnenie nárokov veriteľa, ak odberateľ mešká s úhradou záväzku. Zmluvné a zákonné úroky z omeškania. 
610 2 0 |a zákonník obchodný 
610 2 0 |a právo obchodné 
610 2 0 |a vzťahy obchodné záväzkové 
610 2 0 |a veritelia 
610 2 0 |a dodávatelia 
610 2 0 |a odberatelia 
610 2 0 |a faktúry 
610 2 0 |a úrok z omeškania 
610 2 0 |a novelizácia 
100 1 |a Jesný, Martin